Viver é comer : (Record no. 1025)

MARC details
000 -LÍDER
campo de controle de tamanho fixo 01286nam a22002777a 4500
003 - IDENTIFICADOR DO NÚMERO DE CONTROLE
campo de controle OSt
005 - DATA E HORÁRIO DA ÚLTIMA TRANSAÇÃO
campo de controle 20251201124348.0
008 - CAMPO DE DADOS FIXOS--INFORMAÇÃO GERAL
campo de controle de tamanho fixo 251201b |||||||| |||| 00| 0 eng d
040 ## - FONTE DA CATALOGAÇÃO
Instituição que transcreveu o registro Nolita
041 ## - CÓDIGO DE IDIOMA
Código do idioma do texto/trilha sonora ou título diferente Português
100 1# - ENTRADA PRINCIPAL--NOME PESSOAL
Nome pessoal Salter, James,
Datas associadas ao nome 1925-2015
9 (RLIN) 1671
240 ## - TÍTULO UNIFORME
Título uniforme [Life is meals: a food lover's book of days]
245 ## - TÍTULO
Título Viver é comer :
Restante do título um diário de amantes da gastronomia /
Indicação de responsabilidade, etc. James e Kay Salter ; ilustrações de Fabrice Moireau ; tradução de Alexandre Martins
260 ## - PUBLICAÇÃO, DISTRIBUIÇÃO, ETC.
Local de publicação, distribuição, etc. Rio de Janeiro :
Nome do editor, distribuidor, etc. Tinta Negra Bazar Editorial,
Data da publicação, distribuição, etc. 2014
300 ## - DESCRIÇÃO FÍSICA
Extensão 468 p. :
Outros detalhes físicos il. col. ;
Dimensões 23 cm
500 ## - NOTA GERAL
Nota geral Inclui índice.
520 ## - NOTA DE RESUMO, ETC.
Resumo, etc. Diário gastronômico que percorre os 365 dias do ano com histórias, receitas, curiosidades culinárias e memórias reunidas por James e Kay Salter. A obra combina cultura, literatura e gastronomia, oferecendo reflexões sobre ingredientes, tradições e experiências à mesa. Ricamente ilustrado, celebra o prazer de cozinhar, comer e compartilhar.
650 #0 - ASSUNTO--TERMO TÓPICO
Cabeçalho tópico ou nome geográfico Gastronomia
Subdivisão geral História
9 (RLIN) 227
650 #0 - ASSUNTO--TERMO TÓPICO
Cabeçalho tópico ou nome geográfico Banquete
9 (RLIN) 1669
650 #0 - ASSUNTO--TERMO TÓPICO
Cabeçalho tópico ou nome geográfico Alimentos
9 (RLIN) 1670
650 #0 - ASSUNTO--TERMO TÓPICO
Cabeçalho tópico ou nome geográfico Culinária
Subdivisão geral Variedades
9 (RLIN) 215
650 #0 - ASSUNTO--TERMO TÓPICO
Cabeçalho tópico ou nome geográfico Receitas
9 (RLIN) 12
700 1# - ENTRADA ADICIONADA - NOME PESSOAL
Nome pessoal Salter, Kay
9 (RLIN) 1672
Função do autor por extenso Autor
700 1# - ENTRADA ADICIONADA - NOME PESSOAL
Nome pessoal Moireau, Fabrice
9 (RLIN) 1673
Função do autor por extenso Ilustração
942 ## - ELEMENTOS DE ENTRADA ADICIONADOS (KOHA)
Fonte de classificação ou esquema de arquivamento Classificação decimal de Dewey
Tipo de material Koha Livros
Ocultar no OPAC Não
Holdings
Situação do descarte Situação das perdas Fonte de classificação ou esquema de arquivamento Status danificado Não pode ser emprestado Coleção Biblioteca de origem Biblioteca atual Data de aquisição Total de empréstimos Número de chamada completo Código de barras Data de último acesso Data do preço efetivo Tipo de material Koha
    Classificação decimal de Dewey     Não ficção Nolita Roastery Nolita Roastery 12/01/2025   L1103 L1103 12/01/2025 12/01/2025 Livros